ՄԱՅՐ ԱԹՈՌ ՍՈՒՐԲ ԷՋՄԻԱԾԻՆ

«ՎԱՉԵ ԵՎ ԹԱՄԱՐ ՄԱՆՈՒԿՅԱՆ» ՄԱՏԵՆԱԴԱՐԱՆ

Ներբողեանք ի Ս. Գրիգոր Լուսաւորիչ: / (Record no. 51079)

MARC details
000 -LEADER
fixed length control field 01103nam a22002177a 4500
003 - CONTROL NUMBER IDENTIFIER
control field SEM
005 - DATE AND TIME OF LATEST TRANSACTION
control field 20220608071938.0
008 - FIXED-LENGTH DATA ELEMENTS--GENERAL INFORMATION
fixed length control field 201125b ||||| |||| 00| 0 arm d
040 ## - CATALOGING SOURCE
Original cataloging agency SEM
Transcribing agency SEM
041 ## - LANGUAGE CODE
Language code of text/sound track or separate title arm.
082 ## - DEWEY DECIMAL CLASSIFICATION NUMBER
Classification number 235.2:281.62/Հ-85
100 ## - MAIN ENTRY--PERSONAL NAME
Personal name Յովհաննէս Սարկաւագ; Վարդան Բարձրաբերդցի; Յովհաննէս Երզնկացի
Fuller form of name (Հովհաննես Սարկավագ; Վարդան Բարձրաբերդցի; Հովհաննես Երզնկացի)
245 ## - TITLE STATEMENT
Title Ներբողեանք ի Ս. Գրիգոր Լուսաւորիչ: /
Statement of responsibility, etc. Յովհաննէս Սարկաւագ; Վարդան Բարձրաբերդցի; Յովհաննէս Երզնկացի
246 ## - VARYING FORM OF TITLE
Title proper/short title [Ներբողյանք ի Ս. Գրիգոր Լուսավորիչ]: /
260 ## - PUBLICATION, DISTRIBUTION, ETC.
Place of publication, distribution, etc. Վենետիկ:
Name of publisher, distributor, etc. տպ. Մխիթարեանց,
Date of publication, distribution, etc. 1853.
300 ## - PHYSICAL DESCRIPTION
Extent 165 էջ;
Dimensions 11 սմ
440 ## - SERIES STATEMENT/ADDED ENTRY--TITLE
Title Սոփերք հայկականք
Volume/sequential designation Ե
650 ## - SUBJECT ADDED ENTRY--TOPICAL TERM
Topical term or geographic name entry element Սրբեր
General subdivision հայ եկեղեցի
856 ## - ELECTRONIC LOCATION AND ACCESS
Uniform Resource Identifier <a href="http://greenstone.flib.sci.am/gsdl/collect/haygirq/book/nerboxeanq1853.pdf">http://greenstone.flib.sci.am/gsdl/collect/haygirq/book/nerboxeanq1853.pdf</a>
Link text Կարդալ առցանց
942 ## - ADDED ENTRY ELEMENTS (KOHA)
Source of classification or shelving scheme Dewey Decimal Classification
Koha item type Գրքեր/Books
Holdings
Withdrawn status Lost status Source of classification or shelving scheme Damaged status Not for loan Collection code Home library Current library Date acquired Cost, normal purchase price Inventory number Total Checkouts Full call number Barcode Date last seen Price effective from Koha item type Public note
    Dewey Decimal Classification     Գրապահոց Մայր Աթոռ Սուրբ Էջմիածին «Վաչե և Թամար Մանուկյան» Մատենադարան Մայր Աթոռ Սուրբ Էջմիածին «Վաչե և Թամար Մանուկյան» Մատենադարան 25/11/2020 2000.00 20689   235.2:281.62/Հ-85 20689 16/11/2014 16/11/2014 Գրքեր/Books Սպասարկվում է ընթերցասրահ
    Dewey Decimal Classification     Գրապահոց Մայր Աթոռ Սուրբ Էջմիածին «Վաչե և Թամար Մանուկյան» Մատենադարան Մայր Աթոռ Սուրբ Էջմիածին «Վաչե և Թամար Մանուկյան» Մատենադարան 30/11/2020   14706   235.2:281.62/Հ-85 14706 30/11/2020 16/11/2014 Գրքեր/Books Սպասարկվում է 30 օր